000 00883nas a2200265 4500
001 BR2016004209
003 BR-BrBNA
005 20231205130807.0
007 ta
008 230509b bl.|||p| |||| 00| 00por d
040 _aBR-BrBNA
_bpor
_cBiblioteca Nacional de Agricultura
041 _a(En)
072 _aL20; L53
100 1 _aBernarde, P.S.
100 1 _aKokubum, M.N. de C.
245 1 _aSeasonality, age structure and reproduction of Leptodactylus (Lithadytes)lineatus (Anura, Leptodactylidae)in Rondônia state, southwstern Amazon, Brazil
650 _aANFÍBIO
650 _aSAPO
650 _aREPRODUÇÃO ANIMAL
650 _aBIOLOGIA ANIMAL
650 _aECOLOGIA ANIMAL
773 0 _tIheringia - Série Zoologia (Brazil)
_xISSN 0073-4721
_g(Dec 2009), v. 99(4) p. 368-372
_wBR2016004209
909 _a202311
_bLúcia
_c55
_dLúcia Elande
942 _2AGRIS
_n0
_cANA
999 _c251281
_d251281